000 00552nam a2200193Ia 4500
008 191130s1999##################000#0#eng##
020 _a9780691009742
040 _aACL
_cACL
082 _a579.3 AKT
100 _aKricher, John C
245 _aA Neotropical companion
_cJohn C. Kricher
260 _aPrinceton
_c1999
300 _a504 p., [32] p. of plates : ill. (some col.), maps ; 23 cm
500 _ainclude index
650 _aEcology - Latin America
990 _ad7e58307ac10000c35264c95780d18de
991 _a239545
999 _c342820
_d342820